000
00304nam a2200109Ia 4500
008
171211s9999 xx 000 0 und d
245
_a
Elvis Style : From Zoot Suits to Jumpsuits
245
_c
Zoey Goto
260
_c
2016
650
_x
Design
856
_u
http://down.ebook777.com/059/9780993000225.pdf
999
_c
347982
_d
347982